000 00226 a2200109 4500
001 125423
040 _cEscola Canadense de Niteroi
090 _aF4
100 _aJunqueira, Sonia
245 1 0 _aA Festa Encrencada
942 _cBK
999 _c125423
_d125423